• 首页
  • 本馆介绍
  • 公告通知
  • 最新文献
  • 馆藏检索
  • 电子资源
  • 读者导购
  • 参考咨询
  • 我的图书馆
  • 登录
  • 详细信息显示
  • 放入我的书架
  • 预约/预借图书
  • 作者相关作品
  • 分类相关作品
  • 丛书相关作品
  • 出版社相关作品

书目信息

  • 表格格式
  • 工作单格式
  • 卡片格式
题名:
微处理器应用
    
 
作者: 奥斯兰德 , Auslander , 萨格斯 , Sagues 著 ;边信黔 , 蔡鹤皋 译
分册:  
出版信息: 北京   科学出版社  1985
页数: 270页
开本: 26cm
丛书名:
单 册:
中图分类: TP332 , TM930.9
科图分类:
主题词: 微处理器--应用 , 电气测量 , 电工仪表
电子资源:
ISBN:
000 01149nam0 2200373 45
001 0185020092
005 20040521085420.5
010    @dCNY4.10
091    @a15031.616
100    @a19900923d1985 em y0chiy0121 ea
101 1  @achi@ceng
102    @aCN@b110000
105    @ay z 001yy
106    @ar
200 10 @a微处理器应用@Awei chu li qi ying yong@e实时测试和控制@f(美)奥斯兰德(Auslander,D.M.), (美)萨格斯(Sagues,P.)著@g边信黔, 蔡鹤皋译
210    @a北京@c科学出版社@d1985
215    @a270页@d26cm
300    @a书名原文: Microprocessors for measurement and control
300    @a根据1981年英文版译出
510 1  @aMicroprocessors for measurement and control@zeng
606    @a微处理器@x应用
606 0  @a电气测量
606 0  @a电工仪表
690    @aTP332@v3
690    @aTM930.9
701  1 @a奥斯兰德@Aao si lan de@bD.M.@4著
701 A1 @aAuslander@bD.M.@4著
701  1 @a萨格斯@Asa ge si@bP.@4著
701 A1 @aSagues@bP.@4著
702  0 @a边信黔@Abian xin qian@4译
702  0 @a蔡鹤皋@Acai he gao@4译
801  0 @aCN@b深圳图书馆@c20040521
801  2 @aCN@bNLC@c20040521
905    @f2@b149123-124@dTM930.9@e44
    
    微处理器应用:实时测试和控制/(美)奥斯兰德(Auslander,D.M.), (美)萨格斯(Sagues,P.)著/边信黔, 蔡鹤皋译.-北京:科学出版社,1985
    270页;26cm
    书名原文: Microprocessors for measurement and control.-根据1981年英文版译出
    
    ISBN :CNY4.10
    
●
相关链接 在E读中查询图书 在五车中查询图书 在当当中查询图书 在豆瓣中查询图书


正题名:微处理器应用     索取号:TM930.9/44         预约/预借

序号 登录号 条形码 馆藏地/架位号 状态 备注
1 0149123   001347082   密集书库/ [索取号:TM930.9/44] 在馆    
2 0149124   001347126   第三借阅区/ [索取号:TM930.9/44] 在馆    
3 0149125   001347046   第二样本阅览室/ [索取号:TM930.9/44] 在馆    
唐山师范学院图书馆 欢迎您!
大连网信软件有限公司© 版权所有